000 00444nam a2200169Ia 4500
003 3228
005 20240515110613.0
008 210817s9999 xx 000 0 und d
020 _a9781853400759
040 _c[RDA]
082 _aEKF DIKS
245 0 _aGoliath's birthday /
_cby Terrance Dicks
260 _aLondon :
_bPiccadilly;
_c1990.
300 _a51 pages.
_c20 cm.
490 _aThe adventures of David and Goliath
942 _cBK
_2ddc
_y395
_zKholofelo Moabelo
999 _c282147
_d282146